Missing Country Puzzle Game - Statistics

General Stats
  • This quiz has been taken 1,839 times
  • The average score is 14 of 21
Answers on the Map
Answers color-coded by a green-red scale on the quiz's map according to % correct below.
 
Answer Stats
Question Country Answer % Correct
Which city would you find the Louvre? Russia Paris
97%
What strait separates Alaska from Russia? Germany Bering Strait
82%
What is the second highest mountain in the World? Finland K2
81%
Palermo, Catania and Mt Etna can be found on which island? Lithuania Sicily
80%
What is the largest island in the Indian Ocean? Belgium Madagascar
79%
What is the longest mountain range in the World? Austria Andes
76%
What is the largest Great Lake? Norway Lake Superior
76%
What ancient trade route connected China to Europe? United Kingdom Silk Road
76%
What is the largest company in South Korea? Latvia Samsung
74%
What was the former name of Sri Lanka? Czech Republic Ceylon
70%
Which river is the country India named after? Sweden Indus
68%
The Great Barrier Reef is located off which Australian State? Ukraine Queensland
65%
Which country do you find Yaks? Estonia China
60%
What is the currency of China? Belarus Renminbi
59%
What is the capital of Greenland? Denmark Nuuk
58%
What is the World's tallest waterfall? Slovakia Angel Falls
55%
What is the modern day country of Asia Minor? Poland Turkey
53%
What is the name of the most used World map projection? France Mercator
50%
MISSING COUNTRY Netherlands
46%
Which lake was once the 4th largest in the World in the 1960's Ireland Aral Sea
42%
The airport with the code YYZ serves which city? Luxembourg Toronto
31%
No matching quizzes found
Score Distribution
Percent of People with Each Score
Percentile by Number Answered
Your Score History
You have not taken this quiz